00812 2200265 4500001002100000005001700021008004100038020002200079035002500101040001200126082002200138084002200160090002200182100002800204245012400232250001100356260003300367300002300400504003100423650002400454700001500478850001200493990002100505990002000526INLIS00000000000294720150406092341.0  a978-602-255-289-5 a0010-041500000000014 aYOPDYOG aDEP 297.261 Amr B aDEP 297.261 Amr B aDEP 297.261 Amr B aAMRIN RAUF, H.M., 1964- aBanjir harta dari segala penjuru : Kisah menakjubkan orang-orang kaya ahli ibadah/cH.M. Amrin Rauf ; editor, M. Halili aCet. 1 aYogyakartabDiva Pressc2013 a205 hlm. ;b20 cm. aBibliografi : hlm. 203-205 aIslam dan Psikologi aHalili, M. aYOPDYOG aCB-D11 2013-1815 aCB-D112013-1815